000 01231nam0a22003011 4500
001 rc\4599675
005 20250611203539.0
021 _aRU
_b(61-3402)
021 _aRU
_bРг1784
035 _a(NLR Aleph) 008388017
090 _a9159543
_c9159543
100 _a20130416d1960 |||y0rusy50 ca
101 0 _arus
102 _aRU
105 _ay z |||||
200 1 _aОписание детского утренника на тему: "Тимур и его друзья"
_fСост. А.С. Михайлова
_gСценарий С. Соболевского
_gДом союзов ВЦСПС
210 _aМосква
_cБ. и.
_d1960
215 _a26 л. разд. паг.
_d28
225 1 _aМетодическое пособие в помощь работникам культурно-просветительных учреждений профсоюзов
300 _aОтпеч. множит. аппаратом на одной стороне листа
300 _aНа обл. надзаголовок
700 1 _aМихайлова
_bА.С.
_4220
702 1 _aСоболевский
_bС.
_4570
801 0 _aRU
_bNLR
_gpsbo
801 1 _aRU
_bELAR
_2rusmarc
852 _aNLR
_j61-8/404
942 _cBOOK
980 _aNB